|
|
|
|
| LEADER |
00722cam a2200217 7i4500 |
| 001 |
0000077543 |
| 005 |
20230508090000.0 |
| 020 |
|
|
|a 9781906780500 (paperback)
|
| 090 |
0 |
0 |
|a G155
|b .B73 2011
|
| 100 |
1 |
|
|a Bowden, David
|
| 245 |
1 |
0 |
|a Enchanting Borneo
|c David Bowden.
|
| 264 |
|
|
|a London:
|b John Beaufoy Publishing,
|c 2011.
|
| 300 |
|
|
|a 79 pages:
|b colour illustrations;
|c 26 cm.
|
| 336 |
|
|
|a text
|2 rdacontent
|
| 337 |
|
|
|a unmediated
|2 rdamedia
|
| 338 |
|
|
|a volume
|2 rdacarrier
|
| 500 |
|
|
|a Gift: Prof. Dr. Md Sidin bin Ahmad Ishak
|
| 650 |
|
0 |
|a Tourism --
|z Borneo
|
| 651 |
|
0 |
|a Borneo --
|x Description and travel
|
| 651 |
|
0 |
|a Borneo --
|x Pictorial works
|
| 999 |
|
|
|a 0000072389
|b BOK
|c MALAYSIANA
|e Ground Floor, Bestari Jaya
|